[Event "Team Championship (women rapid)"]
[Site "Sochi"]
[Date "2017.10.03"]
[Round "1.1"]
[White "Bodnaruk, Anastasia"]
[Black "Garifullina, Leya"]
[Result "1-0"]
[LiveChessVersion "1.4.8"]
[BlackElo "1840"]
[WhiteElo "2443"]

1. e4 {[%clk 0:15:19]} e5 {[%clk 0:14:59]} 2. Nf3 {[%clk 0:15:27]} Nc6
{[%clk 0:15:07]} 3. Bb5 {[%clk 0:15:35]} a6 {[%clk 0:15:15]} 4. Ba4
{[%clk 0:15:44]} Nf6 {[%clk 0:15:23]} 5. O-O {[%clk 0:15:51]} Nxe4
{[%clk 0:15:13]} 6. d4 {[%clk 0:15:19]} b5 {[%clk 0:15:22]} 7. Bb3
{[%clk 0:15:28]} d5 {[%clk 0:15:30]} 8. dxe5 {[%clk 0:15:16]} Be6
{[%clk 0:15:38]} 9. c3 {[%clk 0:14:54]} Bc5 {[%clk 0:15:16]} 10. Nbd2
{[%clk 0:13:14]} O-O {[%clk 0:13:37]} 11. Bc2 {[%clk 0:12:57]} Bf5
{[%clk 0:13:13]} 12. Nb3 {[%clk 0:12:50]} Bg6 {[%clk 0:13:06]} 13. Nxc5
{[%clk 0:10:02]} Nxc5 {[%clk 0:13:12]} 14. Be3 {[%clk 0:09:06]} Ne6
{[%clk 0:12:31]} 15. h3 {[%clk 0:07:51]} Be4 {[%clk 0:10:46]} 16. Re1
{[%clk 0:07:53]} h6 {[%clk 0:10:13]} 17. Bd2 {[%clk 0:07:33]} Bxc2
{[%clk 0:10:02]} 18. Qxc2 {[%clk 0:07:42]} d4 {[%clk 0:09:47]} 19. cxd4
{[%clk 0:06:07]} Ncxd4 {[%clk 0:09:55]} 20. Nxd4 {[%clk 0:06:15]} Qxd4
{[%clk 0:09:33]} 21. Bc3 {[%clk 0:06:00]} Qc4 {[%clk 0:09:07]} 22. Re4
{[%clk 0:05:56]} Qc6 {[%clk 0:08:47]} 23. Rg4 {[%clk 0:05:56]} Rad8
{[%clk 0:07:53]} 24. Qf5 {[%clk 0:05:54]} Qd5 {[%clk 0:06:33]} 25. a3
{[%clk 0:04:35]} Qd3 {[%clk 0:05:21]} 26. Qh5 {[%clk 0:04:44]} Kh7
{[%clk 0:05:22]} 27. Re1 {[%clk 0:04:41]} g6 {[%clk 0:04:36]} 28. Qh4
{[%clk 0:04:48]} g5 {[%clk 0:04:30]} 29. Qg3 {[%clk 0:04:44]} Qxg3
{[%clk 0:04:36]} 30. Rxg3 {[%clk 0:04:27]} Rd5 {[%clk 0:03:51]} 31. Rf3
{[%clk 0:04:36]} Kg7 {[%clk 0:03:55]} 32. Rf6 {[%clk 0:04:28]} Rfd8
{[%clk 0:03:47]} 33. g3 {[%clk 0:04:11]} a5 {[%clk 0:02:22]} 34. Bxa5
{[%clk 0:03:45]} Rxe5 {[%clk 0:01:22]} 35. Rxe5 {[%clk 0:03:18]} Rd1+
{[%clk 0:00:55]} 36. Kg2 {[%clk 0:03:20]} Kxf6 {[%clk 0:01:04]} 37. Rxb5
{[%clk 0:03:29]} Kg6 {[%clk 0:00:29]} 38. Bc3 {[%clk 0:03:19]} Nd4
{[%clk 0:00:18]} 39. Rd5 {[%clk 0:03:12]} c5 {[%clk 0:00:21]} 40. Rxc5
{[%clk 0:03:11]} Ne2 {[%clk 0:00:24]} 41. Rc6+ {[%clk 0:03:10]} Kh7
{[%clk 0:00:30]} 42. a4 {[%clk 0:02:45]} Ra1 {[%clk 0:00:30]} 43. Rc4
{[%clk 0:02:27]} Kg6 {[%clk 0:00:22]} 44. Bd2 {[%clk 0:02:22]} f6
{[%clk 0:00:17]} 45. Re4 {[%clk 0:02:13]} Nc1 {[%clk 0:00:16]} 46. Re1
{[%clk 0:02:10]} 1-0

[Event "Team Championship (women rapid)"]
[Site "Sochi"]
[Date "2017.10.03"]
[Round "1.2"]
[White "Stepanyan, Eva"]
[Black "Ovod, Evgenija"]
[Result "1/2-1/2"]
[LiveChessVersion "1.4.8"]
[BlackElo "2191"]
[WhiteElo "1864"]

1. e4 {[%clk 0:15:19]} e5 {[%clk 0:15:19]} 2. Nf3 {[%clk 0:15:28]} Nc6
{[%clk 0:15:27]} 3. Bb5 {[%clk 0:15:36]} Nf6 {[%clk 0:15:36]} 4. d3
{[%clk 0:15:45]} Bc5 {[%clk 0:15:44]} 5. O-O {[%clk 0:15:49]} d6 {[%clk 0:15:49]}
6. c3 {[%clk 0:15:57]} O-O {[%clk 0:15:56]} 7. Nbd2 {[%clk 0:15:59]} Bb6
{[%clk 0:15:56]} 8. h3 {[%clk 0:15:57]} Ne7 {[%clk 0:16:03]} 9. Re1
{[%clk 0:16:02]} c6 {[%clk 0:16:00]} 10. Ba4 {[%clk 0:16:08]} Ng6
{[%clk 0:16:08]} 11. Nf1 {[%clk 0:16:16]} Nh5 {[%clk 0:15:10]} 12. d4
{[%clk 0:16:12]} Qe7 {[%clk 0:14:21]} 13. Bc2 {[%clk 0:15:12]} Re8
{[%clk 0:10:07]} 14. Be3 {[%clk 0:13:14]} Ngf4 {[%clk 0:08:16]} 15. Ng3
{[%clk 0:11:04]} Nxg3 {[%clk 0:08:21]} 16. fxg3 {[%clk 0:11:10]} Ne6
{[%clk 0:08:15]} 17. Qd2 {[%clk 0:10:00]} f6 {[%clk 0:07:05]} 18. Rad1
{[%clk 0:09:25]} Rd8 {[%clk 0:06:36]} 19. Qf2 {[%clk 0:08:21]} Bd7
{[%clk 0:06:17]} 20. Bb3 {[%clk 0:07:09]} Kh8 {[%clk 0:06:18]} 21. Nh4
{[%clk 0:05:53]} Nf8 {[%clk 0:06:26]} 22. g4 {[%clk 0:04:49]} Re8
{[%clk 0:05:05]} 23. d5 {[%clk 0:04:03]} Bxe3 {[%clk 0:05:10]} 24. Rxe3
{[%clk 0:03:31]} c5 {[%clk 0:04:31]} 25. c4 {[%clk 0:03:11]} a6 {[%clk 0:03:54]}
26. Nf5 {[%clk 0:03:02]} Bxf5 {[%clk 0:04:01]} 27. gxf5 {[%clk 0:03:10]} b5
{[%clk 0:04:03]} 28. Qe2 {[%clk 0:02:49]} Reb8 {[%clk 0:04:02]} 29. h4
{[%clk 0:02:33]} Nd7 {[%clk 0:02:39]} 30. g4 {[%clk 0:02:17]} Nb6
{[%clk 0:02:47]} 31. Rc3 {[%clk 0:02:01]} bxc4 {[%clk 0:01:54]} 32. Bxc4
{[%clk 0:02:09]} Nxc4 {[%clk 0:02:03]} 33. Rxc4 {[%clk 0:02:13]} a5
{[%clk 0:02:12]} 34. Ra4 {[%clk 0:01:32]} Rb4 {[%clk 0:02:10]} 35. Rxb4
{[%clk 0:01:17]} axb4 {[%clk 0:02:18]} 36. b3 {[%clk 0:01:17]} Kg8
{[%clk 0:02:12]} 37. Rd2 {[%clk 0:01:22]} Kf8 {[%clk 0:02:13]} 38. Qb5
{[%clk 0:01:19]} Qc7 {[%clk 0:02:02]} 39. Kg2 {[%clk 0:01:24]} h6
{[%clk 0:01:48]} 40. h5 {[%clk 0:01:23]} Ke7 {[%clk 0:01:42]} 41. Kf1
{[%clk 0:01:26]} Ra3 {[%clk 0:01:40]} 42. Rc2 {[%clk 0:01:25]} Qa7
{[%clk 0:01:36]} 43. Ke1 {[%clk 0:01:10]} Ra5 {[%clk 0:01:06]} 44. Qe2
{[%clk 0:01:16]} Kd7 {[%clk 0:01:05]} 45. Kd1 {[%clk 0:01:24]} Kc7
{[%clk 0:00:51]} 46. Kc1 {[%clk 0:01:31]} Kb6 {[%clk 0:00:57]} 47. Kb1
{[%clk 0:01:39]} 1/2-1/2

[Event "Team Championship (women rapid)"]
[Site "Sochi"]
[Date "2017.10.03"]
[Round "1.3"]
[White "Belenkaya, Dina"]
[Black "Chekletsova, Darya"]
[Result "1-0"]
[LiveChessVersion "1.4.8"]
[BlackElo "1591"]
[WhiteElo "2208"]

1. e4 {[%clk 0:15:19]} c5 {[%clk 0:15:19]} 2. Nf3 {[%clk 0:15:27]} d6
{[%clk 0:15:28]} 3. Bb5+ {[%clk 0:15:35]} Bd7 {[%clk 0:15:36]} 4. Bxd7+
{[%clk 0:15:44]} Qxd7 {[%clk 0:15:45]} 5. O-O {[%clk 0:15:52]} Nf6
{[%clk 0:15:52]} 6. Qe2 {[%clk 0:15:58]} Nc6 {[%clk 0:16:00]} 7. c3
{[%clk 0:16:06]} e6 {[%clk 0:16:08]} 8. d4 {[%clk 0:16:11]} cxd4 {[%clk 0:16:16]}
9. cxd4 {[%clk 0:16:20]} d5 {[%clk 0:16:20]} 10. e5 {[%clk 0:16:28]} Ne4
{[%clk 0:16:27]} 11. Be3 {[%clk 0:16:33]} Be7 {[%clk 0:16:31]} 12. Ne1
{[%clk 0:16:36]} f6 {[%clk 0:16:39]} 13. f3 {[%clk 0:16:18]} Ng5 {[%clk 0:16:45]}
14. Nd3 {[%clk 0:16:20]} Nf7 {[%clk 0:16:42]} 15. f4 {[%clk 0:16:25]} O-O
{[%clk 0:16:13]} 16. Nd2 {[%clk 0:14:47]} Rac8 {[%clk 0:15:20]} 17. Rac1
{[%clk 0:14:51]} Rc7 {[%clk 0:14:54]} 18. Nc5 {[%clk 0:13:57]} Bxc5
{[%clk 0:14:16]} 19. Rxc5 {[%clk 0:14:03]} f5 {[%clk 0:14:06]} 20. Rfc1
{[%clk 0:13:54]} Rfc8 {[%clk 0:14:06]} 21. Qb5 {[%clk 0:11:49]} Qe7
{[%clk 0:12:10]} 22. Nb3 {[%clk 0:11:23]} Qh4 {[%clk 0:10:58]} 23. R5c3
{[%clk 0:10:26]} Nfd8 {[%clk 0:09:10]} 24. Nc5 {[%clk 0:08:13]} Qe7
{[%clk 0:07:52]} 25. Bf2 {[%clk 0:07:37]} Nb8 {[%clk 0:06:22]} 26. Bh4
{[%clk 0:05:13]} Qf7 {[%clk 0:04:30]} 27. Bxd8 {[%clk 0:04:50]} Rxd8
{[%clk 0:04:37]} 28. R1c2 {[%clk 0:04:35]} Nc6 {[%clk 0:04:06]} 29. Qa4
{[%clk 0:02:30]} Rdc8 {[%clk 0:01:32]} 30. Nxb7 {[%clk 0:02:07]} Rxb7
{[%clk 0:01:22]} 31. Rxc6 {[%clk 0:02:16]} Rxc6 {[%clk 0:01:22]} 32. Rxc6
{[%clk 0:02:17]} h6 {[%clk 0:01:15]} 33. b4 {[%clk 0:02:01]} Rc7 {[%clk 0:01:01]}
34. b5 {[%clk 0:02:02]} Qd7 {[%clk 0:00:45]} 35. Qc2 {[%clk 0:02:09]} a6
{[%clk 0:00:38]} 36. Rxc7 {[%clk 0:02:16]} Qxb5 {[%clk 0:00:44]} 37. h3
{[%clk 0:02:15]} Qb6 {[%clk 0:00:46]} 38. Rc8+ {[%clk 0:02:18]} Kh7
{[%clk 0:00:54]} 39. Qd3 {[%clk 0:02:12]} Qa5 {[%clk 0:00:54]} 40. Kh2
{[%clk 0:02:04]} Qxa2 {[%clk 0:00:45]} 41. Rc7 {[%clk 0:02:11]} Qa5
{[%clk 0:00:41]} 42. Rb7 {[%clk 0:02:18]} Qd8 {[%clk 0:00:26]} 43. Qxa6
{[%clk 0:02:17]} Qh4 {[%clk 0:00:24]} 44. Qd3 {[%clk 0:02:15]} Qd8
{[%clk 0:00:25]} 45. Qg3 {[%clk 0:02:14]} Qf8 {[%clk 0:00:33]} 46. Qh4
{[%clk 0:02:20]} Qc8 {[%clk 0:00:30]} 47. Qe7 {[%clk 0:02:27]} Qg8
{[%clk 0:00:39]} 48. Rc7 {[%clk 0:02:29]} Kh8 {[%clk 0:00:21]} 49. Rd7
{[%clk 0:02:37]} Kh7 {[%clk 0:00:25]} 50. Rd8 {[%clk 0:02:42]} Qxd8
{[%clk 0:00:16]} 51. Qxd8 {[%clk 0:02:51]} Kg6 {[%clk 0:00:19]} 52. Qe8+
{[%clk 0:02:59]} Kh7 {[%clk 0:00:26]} 53. Qxe6 {[%clk 0:03:07]} 1-0

[Event "Team Championship (women rapid)"]
[Site "Sochi"]
[Date "2017.10.03"]
[Round "1.4"]
[White "Murzina, Agata"]
[Black "Styazhkina, Anna"]
[Result "0-1"]
[LiveChessVersion "1.4.8"]
[BlackElo "2225"]
[WhiteElo "1707"]

1. e4 {[%clk 0:15:15]} e5 {[%clk 0:15:19]} 2. Nf3 {[%clk 0:15:23]} Nc6
{[%clk 0:15:26]} 3. Nc3 {[%clk 0:15:31]} Nf6 {[%clk 0:15:31]} 4. Bb5
{[%clk 0:15:38]} Bb4 {[%clk 0:15:38]} 5. O-O {[%clk 0:15:35]} O-O
{[%clk 0:15:26]} 6. Nd5 {[%clk 0:15:26]} Bc5 {[%clk 0:14:33]} 7. d3
{[%clk 0:14:26]} Nxd5 {[%clk 0:13:42]} 8. exd5 {[%clk 0:14:24]} Nd4
{[%clk 0:13:49]} 9. Bc4 {[%clk 0:13:27]} d6 {[%clk 0:13:46]} 10. c3
{[%clk 0:13:00]} Nf5 {[%clk 0:11:58]} 11. Re1 {[%clk 0:11:38]} Bb6
{[%clk 0:11:48]} 12. a4 {[%clk 0:08:10]} a5 {[%clk 0:11:50]} 13. Ba2
{[%clk 0:08:00]} Bd7 {[%clk 0:11:19]} 14. Bb1 {[%clk 0:08:00]} h6
{[%clk 0:08:54]} 15. Qc2 {[%clk 0:06:05]} Ne7 {[%clk 0:07:17]} 16. Be3
{[%clk 0:04:18]} Bxe3 {[%clk 0:07:08]} 17. fxe3 {[%clk 0:03:54]} f5
{[%clk 0:06:20]} 18. e4 {[%clk 0:03:23]} fxe4 {[%clk 0:06:03]} 19. dxe4
{[%clk 0:03:29]} Ng6 {[%clk 0:06:00]} 20. Rf1 {[%clk 0:02:54]} Bg4
{[%clk 0:05:53]} 21. Qd1 {[%clk 0:02:12]} Nh4 {[%clk 0:05:26]} 22. Kh1
{[%clk 0:01:26]} Qf6 {[%clk 0:05:13]} 23. Bd3 {[%clk 0:01:01]} Bxf3
{[%clk 0:03:36]} 24. gxf3 {[%clk 0:01:02]} Qf4 {[%clk 0:03:28]} 25. Be2
{[%clk 0:00:36]} Rf6 {[%clk 0:02:45]} 26. Qc1 {[%clk 0:00:15]} Qxc1
{[%clk 0:02:11]} 27. Raxc1 {[%clk 0:00:24]} Raf8 {[%clk 0:02:19]} 28. Rf2
{[%clk 0:00:29]} Nxf3 {[%clk 0:00:59]} 29. Rcf1 {[%clk 0:00:15]} Ng5
{[%clk 0:00:26]} 30. Rxf6 {[%clk 0:00:00]} 0-1

[Event "Team Championship (women rapid)"]
[Site "Sochi"]
[Date "2017.10.03"]
[Round "1.5"]
[White "Pogonina, Natalija"]
[Black "Ubiennykh, Ekaterina"]
[Result "1-0"]
[LiveChessVersion "1.4.8"]
[BlackElo "2329"]
[WhiteElo "2447"]

1. d4 {[%clk 0:15:18]} Nf6 {[%clk 0:15:18]} 2. Nf3 {[%clk 0:15:22]} g6
{[%clk 0:15:25]} 3. Nbd2 {[%clk 0:15:29]} c5 {[%clk 0:15:33]} 4. dxc5
{[%clk 0:15:27]} Qa5 {[%clk 0:15:41]} 5. a3 {[%clk 0:15:28]} Qxc5
{[%clk 0:15:49]} 6. b4 {[%clk 0:15:35]} Qc7 {[%clk 0:15:58]} 7. c4
{[%clk 0:15:37]} Bg7 {[%clk 0:16:06]} 8. Bb2 {[%clk 0:15:45]} O-O
{[%clk 0:16:08]} 9. e3 {[%clk 0:15:45]} b6 {[%clk 0:16:16]} 10. Be2
{[%clk 0:15:40]} Bb7 {[%clk 0:16:25]} 11. O-O {[%clk 0:15:38]} Nc6
{[%clk 0:16:30]} 12. Qb3 {[%clk 0:14:59]} Rac8 {[%clk 0:16:36]} 13. Rac1
{[%clk 0:14:50]} Qb8 {[%clk 0:16:43]} 14. Nb1 {[%clk 0:14:15]} Rfd8
{[%clk 0:15:51]} 15. Nc3 {[%clk 0:13:21]} Ne5 {[%clk 0:14:12]} 16. Nxe5
{[%clk 0:11:59]} Qxe5 {[%clk 0:14:20]} 17. Nd5 {[%clk 0:12:03]} Qe6
{[%clk 0:14:17]} 18. Bf3 {[%clk 0:12:03]} Nxd5 {[%clk 0:13:20]} 19. Bxd5
{[%clk 0:11:55]} Bxd5 {[%clk 0:13:16]} 20. cxd5 {[%clk 0:12:03]} Qf5
{[%clk 0:12:20]} 21. Bxg7 {[%clk 0:11:34]} Kxg7 {[%clk 0:12:28]} 22. h3
{[%clk 0:11:40]} b5 {[%clk 0:09:37]} 23. Rfd1 {[%clk 0:08:23]} a6
{[%clk 0:09:12]} 24. Rc3 {[%clk 0:07:50]} Qe5 {[%clk 0:05:29]} 25. Rdc1
{[%clk 0:07:42]} Ra8 {[%clk 0:05:18]} 26. Rc5 {[%clk 0:07:36]} d6
{[%clk 0:05:09]} 27. Rc7 {[%clk 0:07:29]} a5 {[%clk 0:05:00]} 28. Qd3
{[%clk 0:05:50]} axb4 {[%clk 0:04:44]} 29. axb4 {[%clk 0:05:58]} Ra2
{[%clk 0:04:21]} 30. Qc3 {[%clk 0:03:59]} Qxc3 {[%clk 0:03:53]} 31. R1xc3
{[%clk 0:04:07]} Rb2 {[%clk 0:04:00]} 32. Rxe7 {[%clk 0:04:15]} Ra8
{[%clk 0:04:08]} 33. Re4 {[%clk 0:03:37]} Ra1+ {[%clk 0:04:07]} 34. Kh2
{[%clk 0:03:46]} Rxf2 {[%clk 0:03:55]} 35. Rc6 {[%clk 0:02:53]} f5
{[%clk 0:03:26]} 36. Rc7+ {[%clk 0:02:52]} Kf6 {[%clk 0:03:24]} 37. Re6+
{[%clk 0:02:41]} Kg5 {[%clk 0:03:31]} 38. h4+ {[%clk 0:02:37]} Kxh4
{[%clk 0:01:15]} 39. Rxh7+ {[%clk 0:02:44]} Kg5 {[%clk 0:01:23]} 40. Rg7
{[%clk 0:02:50]} f4 {[%clk 0:00:45]} 41. Rgxg6+ {[%clk 0:02:50]} Kh5
{[%clk 0:00:54]} 42. exf4 {[%clk 0:01:37]} Rxf4 {[%clk 0:00:45]} 43. Rh6+
{[%clk 0:01:27]} Kg5 {[%clk 0:00:55]} 44. Reg6+ {[%clk 0:00:57]} Kf5
{[%clk 0:01:04]} 45. Rf6+ {[%clk 0:01:05]} Ke5 {[%clk 0:01:06]} 46. Rxf4
{[%clk 0:01:13]} Kxf4 {[%clk 0:01:15]} 47. Rxd6 {[%clk 0:01:21]} Ke5
{[%clk 0:00:31]} 48. Rb6 {[%clk 0:01:26]} Kxd5 {[%clk 0:00:32]} 49. Rxb5+
{[%clk 0:01:34]} Kc6 {[%clk 0:00:38]} 50. Rc5+ {[%clk 0:01:37]} Kd6
{[%clk 0:00:46]} 51. Kg3 {[%clk 0:01:20]} Rb1 {[%clk 0:00:54]} 52. Rc4
{[%clk 0:01:16]} Kd5 {[%clk 0:01:03]} 53. Rf4 {[%clk 0:01:22]} Ke5
{[%clk 0:01:12]} 54. Kg4 {[%clk 0:01:26]} Rb2 {[%clk 0:01:08]} 55. g3
{[%clk 0:01:34]} Rb3 {[%clk 0:01:17]} 56. Rf5+ {[%clk 0:01:17]} Ke4
{[%clk 0:01:18]} 57. Rb5 {[%clk 0:01:16]} Ke3 {[%clk 0:00:53]} 58. Kf5
{[%clk 0:00:50]} Kd4 {[%clk 0:00:28]} 59. g4 {[%clk 0:00:57]} Kc4
{[%clk 0:00:16]} 60. Rb8 {[%clk 0:01:05]} Kd5 {[%clk 0:00:24]} 61. g5
{[%clk 0:01:11]} Kd6 {[%clk 0:00:29]} 62. g6 {[%clk 0:00:58]} Rf3+
{[%clk 0:00:37]} 63. Kg5 {[%clk 0:00:57]} Rg3+ {[%clk 0:00:18]} 64. Kf6
{[%clk 0:01:03]} Rf3+ {[%clk 0:00:24]} 65. Kg7 {[%clk 0:01:12]} Kc7
{[%clk 0:00:32]} 66. Rf8 {[%clk 0:01:16]} Rg3 {[%clk 0:00:30]} 67. Rf4
{[%clk 0:01:18]} Kd6 {[%clk 0:00:20]} 68. Kf6 {[%clk 0:01:12]} 1-0

[Event "Team Championship (women rapid)"]
[Site "Sochi"]
[Date "2017.10.03"]
[Round "1.6"]
[White "Bivol, Alina"]
[Black "Girya, Olga"]
[Result "1-0"]
[LiveChessVersion "1.4.8"]
[BlackElo "2405"]
[WhiteElo "2310"]

1. Nf3 d5 {[%clk 0:15:19]} 2. g3 {[%clk 0:15:26]} Bg4 {[%clk 0:15:28]} 3. Bg2
{[%clk 0:15:35]} c6 {[%clk 0:15:37]} 4. d3 {[%clk 0:15:41]} Nd7 {[%clk 0:15:31]}
5. h3 {[%clk 0:15:49]} Bh5 {[%clk 0:14:18]} 6. O-O {[%clk 0:15:53]} Ngf6
{[%clk 0:14:12]} 7. Qe1 {[%clk 0:16:00]} e5 {[%clk 0:14:20]} 8. e4
{[%clk 0:16:08]} dxe4 {[%clk 0:14:26]} 9. dxe4 {[%clk 0:16:16]} Be7
{[%clk 0:14:32]} 10. Nh4 {[%clk 0:16:24]} O-O {[%clk 0:14:30]} 11. Nf5
{[%clk 0:16:33]} Re8 {[%clk 0:12:13]} 12. Nxe7+ {[%clk 0:14:42]} Qxe7
{[%clk 0:12:21]} 13. Be3 {[%clk 0:14:46]} Nc5 {[%clk 0:11:39]} 14. f3 Nfd7 15.
Qf2 {[%clk 0:13:48]} f6 {[%clk 0:09:06]} 16. Nd2 {[%clk 0:13:46]} Bf7
{[%clk 0:08:40]} 17. a4 {[%clk 0:13:45]} a5 {[%clk 0:08:29]} 18. Rfd1
{[%clk 0:13:14]} Na6 {[%clk 0:08:32]} 19. Bf1 {[%clk 0:12:59]} Nb4
{[%clk 0:08:36]} 20. Nc4 Be6 {[%clk 0:05:31]} 21. Rd2 {[%clk 0:10:18]} Rf8
{[%clk 0:05:04]} 22. Rad1 {[%clk 0:09:47]} f5 {[%clk 0:04:21]} 23. Rxd7
{[%clk 0:09:26]} Bxd7 {[%clk 0:04:30]} 24. Bc5 {[%clk 0:09:28]} Qe6
{[%clk 0:00:51]} 25. Nb6 {[%clk 0:08:18]} fxe4 {[%clk 0:00:36]} 26. Bxb4
{[%clk 0:05:12]} e3 {[%clk 0:00:13]} 27. Qxe3 {[%clk 0:05:03]} Qg6
{[%clk 0:00:23]} 28. Nxd7 {[%clk 0:04:19]} Qxg3+ {[%clk 0:00:31]} 29. Bg2
{[%clk 0:04:28]} axb4 {[%clk 0:00:25]} 30. Nxf8 {[%clk 0:04:32]} Rxf8
{[%clk 0:00:33]} 31. Qb3+ {[%clk 0:04:36]} Kh8 {[%clk 0:00:42]} 32. Qxb4
{[%clk 0:04:40]} 1-0

[Event "Team Championship (women rapid)"]
[Site "Sochi"]
[Date "2017.10.03"]
[Round "1.7"]
[White "Nechaeva, Marina"]
[Black "Travkina, Anastasia"]
[Result "1-0"]
[LiveChessVersion "1.4.8"]
[BlackElo "2180"]
[WhiteElo "2407"]

1. d4 {[%clk 0:15:18]} d5 {[%clk 0:15:19]} 2. c4 {[%clk 0:15:27]} c6
{[%clk 0:15:28]} 3. Nc3 {[%clk 0:15:35]} Nf6 {[%clk 0:15:37]} 4. e3
{[%clk 0:15:44]} Bf5 {[%clk 0:15:46]} 5. cxd5 {[%clk 0:15:53]} cxd5
{[%clk 0:15:54]} 6. Qb3 {[%clk 0:16:01]} Nc6 {[%clk 0:16:03]} 7. Qxb7
{[%clk 0:16:06]} Bd7 {[%clk 0:16:12]} 8. Qb3 {[%clk 0:16:15]} Rb8
{[%clk 0:16:21]} 9. Qd1 {[%clk 0:16:23]} e5 {[%clk 0:16:30]} 10. dxe5
{[%clk 0:16:28]} Nxe5 {[%clk 0:16:34]} 11. Be2 {[%clk 0:16:36]} Bd6
{[%clk 0:16:03]} 12. Nf3 {[%clk 0:16:44]} O-O {[%clk 0:15:48]} 13. O-O
{[%clk 0:16:51]} Qc7 {[%clk 0:09:15]} 14. h3 {[%clk 0:16:23]} Rfd8
{[%clk 0:08:50]} 15. Nd4 {[%clk 0:16:14]} Nc4 {[%clk 0:08:04]} 16. Qc2
{[%clk 0:15:41]} Rdc8 {[%clk 0:06:35]} 17. Rd1 {[%clk 0:11:24]} Bb4
{[%clk 0:05:19]} 18. Bxc4 {[%clk 0:06:21]} Qxc4 {[%clk 0:05:13]} 19. Bd2
{[%clk 0:06:28]} Bxc3 {[%clk 0:04:04]} 20. Bxc3 {[%clk 0:06:34]} Ba4
{[%clk 0:02:24]} 21. Nb3 {[%clk 0:02:32]} Ne4 {[%clk 0:00:57]} 22. Rd4
{[%clk 0:02:20]} Qb5 {[%clk 0:00:45]} 23. Qd1 {[%clk 0:02:11]} Nxc3
{[%clk 0:00:33]} 24. bxc3 {[%clk 0:02:19]} Bxb3 {[%clk 0:00:37]} 25. axb3
{[%clk 0:02:27]} Qxb3 {[%clk 0:00:31]} 26. Rxa7 {[%clk 0:01:59]} Qxd1+
{[%clk 0:00:30]} 27. Rxd1 {[%clk 0:02:08]} Rxc3 {[%clk 0:00:22]} 28. Rxd5
{[%clk 0:02:15]} g6 {[%clk 0:00:21]} 29. Rdd7 {[%clk 0:02:20]} Rf8
{[%clk 0:00:29]} 30. g4 {[%clk 0:02:27]} h6 {[%clk 0:00:35]} 31. Kg2
{[%clk 0:02:34]} Kg7 {[%clk 0:00:43]} 32. h4 {[%clk 0:02:07]} Rc4
{[%clk 0:00:33]} 33. Kg3 {[%clk 0:01:51]} Rc1 {[%clk 0:00:39]} 34. Rd5
{[%clk 0:01:35]} Rfc8 {[%clk 0:00:33]} 35. h5 {[%clk 0:01:40]} R8c7
{[%clk 0:00:27]} 36. Ra6 {[%clk 0:01:18]} R1c6 {[%clk 0:00:28]} 37. Rxc6
{[%clk 0:01:24]} Rxc6 {[%clk 0:00:37]} 38. hxg6 {[%clk 0:01:33]} Kxg6
{[%clk 0:00:39]} 39. e4 {[%clk 0:01:31]} Ra6 {[%clk 0:00:37]} 40. e5
{[%clk 0:01:19]} Ra3+ {[%clk 0:00:34]} 41. f3 {[%clk 0:01:26]} Re3
{[%clk 0:00:36]} 42. Kf4 {[%clk 0:01:31]} Ra3 {[%clk 0:00:31]} 43. Rd6+
{[%clk 0:01:39]} Kg7 {[%clk 0:00:40]} 44. Ke4 {[%clk 0:01:43]} Rb3
{[%clk 0:00:39]} 45. f4 {[%clk 0:01:51]} Rb4+ {[%clk 0:00:30]} 46. Kf5
{[%clk 0:01:58]} Rb5 {[%clk 0:00:39]} 47. Rd7 {[%clk 0:01:43]} Ra5
{[%clk 0:00:39]} 48. Ke4 {[%clk 0:01:36]} Ra4+ {[%clk 0:00:43]} 49. Rd4
{[%clk 0:01:45]} Ra1 {[%clk 0:00:23]} 50. f5 {[%clk 0:01:35]} Ra7
{[%clk 0:00:18]} 51. Kf4 {[%clk 0:01:04]} Ra1 {[%clk 0:00:21]} 52. Rd7
{[%clk 0:01:00]} Ra4+ {[%clk 0:00:29]} 53. Kg3 {[%clk 0:01:08]} Re4
{[%clk 0:00:34]} 54. e6 {[%clk 0:01:16]} h5 {[%clk 0:00:26]} 55. Rxf7+
{[%clk 0:01:05]} Kh6 {[%clk 0:00:35]} 56. Rf6+ {[%clk 0:01:12]} Kh7
{[%clk 0:00:17]} 57. gxh5 {[%clk 0:01:18]} 1-0

[Event "Team Championship (women rapid)"]
[Site "Sochi"]
[Date "2017.10.03"]
[Round "1.8"]
[White "Tomilova, Elena"]
[Black "Kovanova, Baira"]
[Result "1/2-1/2"]
[LiveChessVersion "1.4.8"]
[BlackElo "2361"]
[WhiteElo "2260"]

1. c4 {[%clk 0:15:16]} Nf6 {[%clk 0:15:11]} 2. g3 {[%clk 0:15:24]} e6
{[%clk 0:15:11]} 3. Bg2 {[%clk 0:15:30]} d5 {[%clk 0:15:05]} 4. Nf3
{[%clk 0:15:36]} Be7 {[%clk 0:15:03]} 5. O-O {[%clk 0:15:37]} O-O
{[%clk 0:15:02]} 6. d4 {[%clk 0:15:39]} Nbd7 {[%clk 0:14:20]} 7. Qc2
{[%clk 0:15:21]} c6 {[%clk 0:13:19]} 8. b3 {[%clk 0:14:15]} b6 {[%clk 0:13:04]}
9. Nc3 {[%clk 0:14:10]} Bb7 {[%clk 0:13:07]} 10. Rd1 {[%clk 0:13:50]} Rc8
{[%clk 0:12:56]} 11. Bb2 {[%clk 0:13:49]} Qc7 {[%clk 0:10:15]} 12. Rac1
{[%clk 0:13:46]} Qb8 {[%clk 0:08:58]} 13. e4 {[%clk 0:11:41]} dxe4
{[%clk 0:08:57]} 14. Nxe4 {[%clk 0:11:42]} Nxe4 {[%clk 0:08:19]} 15. Qxe4
{[%clk 0:11:50]} c5 {[%clk 0:05:56]} 16. Qe2 {[%clk 0:11:34]} cxd4
{[%clk 0:05:05]} 17. Nxd4 {[%clk 0:11:41]} Bxg2 {[%clk 0:04:10]} 18. Kxg2
{[%clk 0:11:50]} Bf6 {[%clk 0:03:28]} 19. Nb5 {[%clk 0:10:30]} Bxb2
{[%clk 0:03:19]} 20. Qxb2 {[%clk 0:10:38]} Ne5 {[%clk 0:02:18]} 21. f3
{[%clk 0:08:39]} Rfd8 {[%clk 0:02:07]} 22. Qe2 {[%clk 0:08:08]} Nc6
{[%clk 0:01:52]} 23. Qe4 {[%clk 0:07:56]} Ne7 {[%clk 0:00:56]} 24. Nd4
{[%clk 0:07:13]} e5 {[%clk 0:00:45]} 25. Nf5 {[%clk 0:06:41]} Nxf5
{[%clk 0:00:40]} 26. Qxf5 {[%clk 0:06:49]} Qc7 {[%clk 0:00:36]} 27. h4
{[%clk 0:05:42]} h6 {[%clk 0:00:44]} 28. h5 {[%clk 0:05:18]} Qe7 {[%clk 0:00:43]}
29. Kh3 {[%clk 0:02:59]} Rc5 {[%clk 0:00:46]} 30. Qe4 {[%clk 0:02:45]} Qg5
{[%clk 0:00:36]} 31. Rxd8+ {[%clk 0:02:47]} Qxd8 {[%clk 0:00:45]} 32. Re1
{[%clk 0:02:51]} Qc8+ {[%clk 0:00:42]} 33. g4 {[%clk 0:02:58]} Qd8
{[%clk 0:00:37]} 34. Qe2 {[%clk 0:02:50]} f5 {[%clk 0:00:36]} 35. Rd1
{[%clk 0:02:42]} Qe8 {[%clk 0:00:39]} 36. Rd6 {[%clk 0:02:24]} fxg4+
{[%clk 0:00:16]} 37. fxg4 {[%clk 0:02:33]} e4 {[%clk 0:00:20]} 38. Qe3
{[%clk 0:02:20]} Re5 {[%clk 0:00:23]} 39. Rd5 {[%clk 0:01:38]} Re7
{[%clk 0:00:30]} 40. Rd4 {[%clk 0:01:32]} Re5 {[%clk 0:00:32]} 41. Rd5
{[%clk 0:01:41]} Re7 {[%clk 0:00:40]} 42. Rd4 {[%clk 0:01:50]} Re5
{[%clk 0:00:38]} 43. Rd5 {[%clk 0:01:57]} Re7 {[%clk 0:00:35]} 44. Rd4
{[%clk 0:02:06]} 1/2-1/2